Písně, op. 6 b zpěv a klavír /
| Main Author: | Modr, Antonín, 1898-1983 |
|---|---|
| Language: | Czech |
| Published: |
Praha : Sádlo, 1931 |
| Physical Description: |
9 s. |
| LEADER | 00763ncm a22002172a 4500 | ||
|---|---|---|---|
| 001 | 001191748 | ||
| 003 | CZ BrMZK | ||
| 005 | 20120427134016.0 | ||
| 007 | qu | ||
| 008 | 120127s1931 xr |||||||||||||||||cze d | ||
| 040 | |a BOA001 |b cze | ||
| 072 | 7 | |a 784 |x Vokální hudba |2 Konspekt |9 9 | |
| 100 | 1 | |a Modr, Antonín, |d 1898-1983 |7 jk01081941 |4 cmp | |
| 245 | 1 | 0 | |a Písně, op. 6 b |h [hudebnina] : |b zpěv a klavír / |c Antonín Modr |
| 260 | |a Praha : |b Sádlo, |c 1931 | ||
| 300 | |a 9 s. | ||
| 910 | |a BOA001 |b Mus4-0328.006 |b Mus4-0371.673 | ||
| 990 | |a MU | ||
| 991 | |b 201201 | ||
| 996 | 7 | |b 2619590069 |c Mus4-0328.006 |l MZK |r Sklad / do 1 hodiny |n 0 |w 001225119 |u 000010 |a 1 |e BOA001 |j MZK50 |s A | |
| 996 | 7 | |b 2619608092 |c Mus4-0371.673 |l MZK |r Sklad / do 1 hodiny |n 0 |w 001225119 |u 000020 |a 1 |e BOA001 |j MZK50 |s A | |
English
Čeština 